| 000 | 00529nam a2200169 a 4500 | ||
|---|---|---|---|
| 005 | 20210223123657.0 | ||
| 008 | 991125s1978 mx 000 0 spa u | ||
| 035 | _aUPN01000057809 | ||
| 049 | _aF | ||
| 050 | 4 |
_aLE7.2931 N249 _bC3.9 |
|
| 100 | 1 |
_aCarranza Palacios, José Antonio, _d1941- _936600 |
|
| 245 | 1 | 0 |
_aUniversidad Pedagógica y sistema de educación normal / _cJ. A. Carranza. |
| 260 |
_a[México : _bJ. A. Carranza], _c1978. |
||
| 300 | _a16 h. | ||
| 610 | 2 | 4 | _aUNIVERSIDAD PEDAGOGICA NACIONAL (MEXICO) |
| 905 | _aLibro | ||
| 999 |
_c57809 _d57809 |
||